| 000 | 00693nam a2200265Ia 4500 | ||
|---|---|---|---|
| 003 | OSt | ||
| 005 | 20220918214153.0 | ||
| 006 | a|||||r|||| 00| 0 | ||
| 007 | ta | ||
| 008 | 220917b |||||||| |||| 00| 0 eng d | ||
| 024 | _a136,113 | ||
| 037 | _cTextual | ||
| 040 |
_aARTS _cARTS _beng |
||
| 041 |
_2eng _aeng |
||
| 082 | _aX9:8, J41;K1 | ||
| 100 |
_aMoore Franklin G _9130045 |
||
| 245 | 0 | _aManufacturing management | |
| 250 | _a3rd | ||
| 260 |
_aHomewood _bRichard D Irwin _c1961 |
||
| 300 |
_axii, 853p. _ccm. |
||
| 490 | _aIrwin series in management | ||
| 650 | _aECONOMICS | ||
| 942 |
_hX9:8, J41;K1 _cTEXL _2CC |
||
| 999 |
_c259203 _d259203 |
||